[Event "Moja Open Prestige 2022"]
[Site "Kimberley"]
[Date "2022.03.22"]
[Round "7.4"]
[White "Mlahleki, Vusimuzi"]
[Black "Palmer, Reegan"]
[Result "1-0"]
[WhiteElo "1980"]
[BlackElo "1572"]
[Annotator "TA"]
[PlyCount "63"]
[EventDate "2022.03.19"]
[EventType "swiss"]
[EventCountry "RSA"]
[SourceTitle "playchess.com"]
[Source "ChessBase"]
[SourceQuality "1"]

{[%evp 9,63,55,54,33,36,35,23,18,45,36,30,25,43,43,60,55,112,124,128,112,242,142,440,404,386,359,531,533,654,647,915,907,1168,1027,1397,1591,1749,1660,1748,1629,1495,1627,2308,2514,2419,2404,5423,5335,29981,29982,29986,6225,29990,29990,29990,29991]} 1. e4 e6 2. d4 d5 3. Nd2 Nf6 4. e5 Ne4 5. Nxe4 dxe4 6. Bb5+ {C11: French: Classical System: 4 e5 and 4 Bg5 dxe4.} (6. Bc4 {with more complications.} a6 7. c3 c5 8. Ne2 Nc6 9. O-O) 6... Bd7 7. Bxd7+ (7. Bc4 {looks sharper.} b5 8. Bb3 c5 9. c3 cxd4 10. cxd4 Bb4+ 11. Kf1) 7... Qxd7 8. Ne2 {[%cal Bg1e2,Be2c3,Bc3e4][%mdl 32] White has an edge.} c5 9. c3 Nc6 10. O-O Rd8 {[%cal Rc5d4]} 11. Be3 cxd4 12. cxd4 {[#]} Nb4 $146 ({Black should try} 12... f5 $14) ({Predecessor:} 12... Bb4 13. Qc2 Qd5 14. Rfd1 Ne7 15. Qa4+ Nc6 16. Nf4 Qd7 17. d5 exd5 18. Nxd5 Qxd5 19. Rxd5 Rxd5 {1-0 (30) Berg,G (2155)-Chipkin,L (2190) Long Island 1996}) 13. Nc3 Qc6 14. Qg4 Nc2 {[#]} (14... h5 $16 15. Qxe4 Qxe4 16. Nxe4 Be7) 15. Rad1 ({And not} 15. Nxe4 Nxa1 16. Rxa1 Qc2 $11) (15. Rac1 $1 $18 {[%cal Rc1c2]} h5 16. Qe2 (16. Qxe4 Nxd4 17. Bxd4 Qxe4 $16) 16... Nxe3 17. fxe3 (17. Qxe3 Be7 $16)) 15... Qb6 $2 {[%mdl 8192] Black cannot hold the game after this.} (15... h5 $16 {keeps fighting.} 16. Qg5 (16. Qxe4 Qxe4 17. Nxe4 Be7 $16) 16... b6) 16. Nxe4 h5 17. Qe2 Nxd4 (17... Nxe3 {might work better.} 18. fxe3 Be7) 18. Qc4 $18 Qc6 19. Rxd4 Rxd4 20. Qxd4 {[#] aiming for Rc1.} Be7 21. Rc1 {[%cal Bf1c1,Bc1c7,Bc7b7][%mdl 32]} Qd7 22. Nd6+ Bxd6 23. exd6 O-O 24. Rc7 Qb5 25. h3 {Strongly threatening d7.} Kh7 26. Qe4+ Kg8 27. Rxb7 Qa5 28. Rxa7 Qe1+ 29. Kh2 Kh8 30. Qf3 (30. Ra8 $142 Rxa8 31. Qxa8+ Kh7 32. d7 Qd1 33. d8=Q Qxd8 34. Qxd8 e5 35. Qg5) 30... e5 31. Rxf7 Rxf7 32. Qxf7 {Weighted Error Value: White=0.14 (very precise) /Black=1.15} 1-0

[Event "Moja Open Prestige 2022"]
[Site "Kimberley"]
[Date "2022.03.22"]
[Round "7.5"]
[White "Bhawoodien, Shabir Hussain"]
[Black "Horne, Andrew H"]
[Result "0-1"]
[WhiteElo "2058"]
[BlackElo "1931"]
[Annotator "TA"]
[PlyCount "50"]
[EventDate "2022.03.19"]
[EventType "swiss"]
[EventCountry "RSA"]
[SourceTitle "playchess.com"]
[Source "ChessBase"]
[SourceQuality "1"]

{[%evp 14,50,33,22,30,33,46,39,46,40,42,33,35,24,28,12,41,40,44,60,58,0,0,-119,-123,-297,-230,-321,-278,-495,-488,-480,-478,-921,-908,-884,-877,-2639,-2616]} 1. d4 Nf6 2. c4 e6 3. g3 Bb4+ 4. Bd2 a5 5. Bg2 d6 6. Nf3 Nbd7 7. O-O e5 8. e3 {Threatens to win with Bc1.} Bxd2 {E11: Bogo-Indian.} 9. Nfxd2 O-O 10. Nc3 c6 {White is slightly better.} 11. Qc2 {[#]} Qb6 $146 ({Predecessor:} 11... Re8 12. d5 cxd5 13. Nxd5 Nxd5 14. Bxd5 Nf6 15. Bg2 Qb6 16. Ne4 Nxe4 17. Bxe4 g6 {½-½ (34) Tazbir,M (2555)-Zagorskis,D (2480) Warsaw 2013}) 12. Rfd1 exd4 13. Na4 Qa7 14. exd4 Qxd4 15. Ne4 Qe5 16. Nxd6 {h3 is the strong threat.} Nc5 17. Nb6 (17. Nxc5 $14 Qxc5 18. Qc3) 17... Bg4 $11 18. f3 {[#]} (18. Nxa8 $11 Bxd1 19. Rxd1 Rxa8 20. f4 Qe3+ 21. Qf2 Qxf2+ 22. Kxf2) 18... Rad8 $1 $17 19. Nxb7 {This costs White the game.} Bf5 {[%mdl 64] Zwischenzug} 20. Qf2 Nxb7 21. g4 $2 {[#]} (21. Re1 Qd6 22. Na4) 21... Bxg4 $1 $19 {Black is clearly winning.} 22. Re1 (22. Rxd8 Rxd8) 22... Qc7 23. fxg4 (23. b3 $142) 23... Nxg4 24. Qg3 Qxb6+ 25. Kf1 {[#]} Rd2 $1 {Weighted Error Value: White=0.96/Black=0.09 (flawless)} 0-1

[Event "Moja Open Prestige 2022"]
[Site "Kimberley"]
[Date "2022.03.22"]
[Round "7.7"]
[White "Willenberg, Kenneth Sean"]
[Black "Mthunzi, Clive"]
[Result "1/2-1/2"]
[WhiteElo "1945"]
[BlackElo "1888"]
[Annotator "NA"]
[PlyCount "42"]
[EventDate "2022.03.19"]
[EventType "swiss"]
[EventCountry "RSA"]
[SourceTitle "playchess.com"]
[Source "ChessBase"]
[SourceQuality "1"]
[TimeControl "5400+30"]

1. e4 {[%emt 1:31:00]} c6 {[%emt 1:31:00]} 2. d4 {[%emt 0:00:30]} d5 {[%emt 0:00:30]} 3. Nd2 {[%emt 0:00:30]} dxe4 {[%emt 0:00:30]} 4. Nxe4 {[%emt 0:00:30]} Bf5 {[%emt 0:00:30]} 5. Ng3 {[%emt 0:00:30]} Bg6 {[%emt 0:00:30]} 6. h4 {[%emt 0:00:30]} h6 {[%emt 0:00:30]} 7. h5 {[%emt 0:00:30]} Bh7 8. Nf3 {[%emt 0:00:30]} Nd7 {[%emt 0:01:00]} 9. Bd3 {[%emt 0:00:30]} Bxd3 {[%emt 0:00:30]} 10. Qxd3 {[%emt 0:00:30]} e6 {[%emt 0:00:30]} 11. Bd2 {[%emt 0:00:30]} Ngf6 {[%emt 0:00:30]} 12. O-O-O {[%emt 0:00:30]} Bd6 {[%emt 0:00:30]} 13. Ne4 {[%emt 0:00:30]} Nxe4 {[%emt 0:00:30]} 14. Qxe4 {[%emt 0:00:30]} Nf6 15. Qe2 {[%emt 0:00:30]} Qe7 {[%emt 0:01:00]} 16. Kb1 {[%emt 0:00:30]} O-O-O {[%emt 0:00:30]} 17. c4 {[%emt 0:00:30]} Kb8 {[%emt 0:00:30]} 18. Bc3 {[%emt 0:00:30]} Bb4 {[%emt 0:00:30]} 19. Bxb4 {[%emt 0:00:30]} Qxb4 20. Ne5 {[%emt 0:00:30]} Qe7 {[%emt 0:01:00]} 21. Rh3 {[%emt 0:00:30]} Ka8 {[%emt 0:00:30]} 1/2-1/2

[Event "Moja Open Prestige 2022"]
[Site "Kimberley"]
[Date "2022.03.22"]
[Round "7.8"]
[White "Karsten, Jan"]
[Black "Dunn, Andrew M"]
[Result "1-0"]
[WhiteElo "1679"]
[BlackElo "2117"]
[Annotator "NA"]
[PlyCount "75"]
[EventDate "2022.03.19"]
[EventType "swiss"]
[EventCountry "RSA"]
[SourceTitle "playchess.com"]
[Source "ChessBase"]
[SourceQuality "1"]
[TimeControl "5400+30"]

1. e4 {[%emt 1:31:00]} c5 {[%emt 1:31:00]} 2. Nc3 {[%emt 0:00:30]} e6 {[%emt 0:00:30]} 3. f4 {[%emt 0:00:30]} Nc6 {[%emt 0:00:30]} 4. Nf3 {[%emt 0:00:30]} d5 {[%emt 0:00:30]} 5. exd5 {[%emt 0:00:30]} exd5 {[%emt 0:00:30]} 6. Bb5 {[%emt 0:00:30]} Nf6 {[%emt 0:00:30]} 7. O-O {[%emt 0:00:30]} Be7 {[%emt 0:00:30]} 8. Ne5 {[%emt 0:00:30]} Bd7 {[%emt 0:00:30]} 9. Qf3 {[%emt 0:00:30]} O-O {[%emt 0:00:30]} 10. Bxc6 {[%emt 0:00:30]} Bxc6 {[%emt 0:00:30]} 11. Nxc6 {[%emt 0:00:30]} bxc6 {[%emt 0:00:30]} 12. b3 {[%emt 0:00:30]} Rb8 {[%emt 0:00:30]} 13. Ba3 {[%emt 0:00:30]} Qa5 {[%emt 0:00:30]} 14. Bb2 {[%emt 0:00:30]} Rfe8 {[%emt 0:00:30]} 15. Rfe1 {[%emt 0:00:30]} Bd6 {[%emt 0:00:30]} 16. Qg3 {[%emt 0:00:30]} d4 {[%emt 0:00:30]} 17. Nb1 {[%emt 0:00:30]} Nh5 {[%emt 0:00:30]} 18. Qf2 {[%emt 0:00:30]} Nxf4 {[%emt 0:00:30]} 19. Na3 {[%emt 0:00:30]} Qd8 {[%emt 0:00:30]} 20. Rxe8+ {[%emt 0:00:30]} Qxe8 {[%emt 0:00:30]} 21. Re1 {[%emt 0:00:30]} Qd8 {[%emt 0:00:30]} 22. Nc4 {[%emt 0:00:30]} Qg5 {[%emt 0:00:30]} 23. Qf3 {[%emt 0:00:30]} Bf8 {[%emt 0:00:30]} 24. Rf1 {[%emt 0:00:30]} Ng6 {[%emt 0:00:30]} 25. Qxf7+ {[%emt 0:00:30]} Kh8 {[%emt 0:00:30]} 26. Qxa7 {[%emt 0:00:30]} Rd8 {[%emt 0:00:30]} 27. Qf7 {[%emt 0:00:30]} h6 {[%emt 0:00:30]} 28. Qf5 {[%emt 0:00:30]} Qxf5 {[%emt 0:00:30]} 29. Rxf5 {[%emt 0:00:30]} Re8 {[%emt 0:00:30]} 30. Kf2 {[%emt 0:00:30]} Kh7 {[%emt 0:00:30]} 31. a4 {[%emt 0:00:30]} Re6 {[%emt 0:00:30]} 32. a5 {[%emt 0:00:30]} Kg8 {[%emt 0:00:30]} 33. Ba3 {[%emt 0:00:30]} Nh4 {[%emt 0:00:30]} 34. Rxf8+ {[%emt 0:00:30]} Kxf8 {[%emt 0:00:30]} 35. Bxc5+ {[%emt 0:00:30]} Ke8 {[%emt 0:00:30]} 36. a6 {[%emt 0:00:30]} Kd7 {[%emt 0:00:30]} 37. a7 {[%emt 0:00:30]} Re8 {[%emt 0:00:30]} 38. a8=Q {[%emt 0:00:30]} 1-0